000 01181nam a2200349 a 4500
999 _c142201
_d142201
001 vtls000654277
003 PNM
005 20180728150240.0
008 110905t20122012my ao g | 000 0 may
015 _aM13-02268
020 _a9789673910595
_cRM112.00
_qhardback
039 9 _a201306061136
_bmanoriah
_c201302191419
_dnorhidayah
_c201302191406
_dnorhidayah
_c201302071500
_drasidah
040 _aBNM
_cPNM
_beng
_dPPAK
_erda
049 _aklpmal
082 0 4 _a362.2
_223
090 0 0 _a362.2
_bALI
_fG
100 0 _aAlia Hanisa,
_d1985-
_eauthor
245 1 0 _aAPA YANG ANDA TAHU TENTANG KESIHATAN MENTAL?:
_nJilid 1 /
_cAlia Hanisa
264 _aSeri Kembangan, Selangor :
_bPenerbitan Premier,
_c2012
264 4 _c© 0201
300 _aiv, 44 pages :
_bcolour illustrations ;
_c30 cm +
_e1 computer optical disc (4 3/4 in.)
336 _2rdacontent
_atext
337 _2rdamedia
_aunmediated
338 _2rdacarrier
_avolume
490 1 _aSIRI KESEDARAN KESIHATAN MENTAL
500 _aJilid 1
504 _aIncludes bibliographical referens : 44
650 1 0 _aMental health
650 2 0 _aMental illness
830 0 _aSiri kesedaran kesihatan mental
942 _2ddc
_cB